header

Beyond reality (Record no. 51564)

MARC details
000 -LEADER
fixed length control field 01098nam a2200289Ia 4500
082 04 - DEWEY DECIMAL CLASSIFICATION NUMBER
Classification number 793.93/2
100 1# - MAIN ENTRY--AUTHOR NAME
Personal name Gosney, John.
245 10 - TITLE STATEMENT
Title Beyond reality
260 ## - PUBLICATION, DISTRIBUTION, ETC. (IMPRINT)
Place of publication Boston, MA :
Name of publisher Thomson Course Technology PTR,
Year of publication 2005.
300 ## - PHYSICAL DESCRIPTION
Number of Pages xx, 320 p. :
Other physical details ill.
500 ## - GENERAL NOTE
General note Includes index.
650 #0 - SUBJECT ADDED ENTRY--TOPICAL TERM
Topical Term Computer games
Topical Term Virtual reality.
856 40 - ELECTRONIC LOCATION AND ACCESS
Uniform Resource Identifier http://site.ebrary.com/lib/rucke/Doc?id=10087001

No items available.

© 2026 Rongo University
Contact us: librarian | system librarian | Rongo university